Quiz Complet - Joséphine ange gardien - Statistiques

Statistiques générales
  • Ce quiz a été pris 330 fois
  • Le résultat moyen est 61 sur 245
Statistiques - réponses
Aide Réponses % Correct
Personnage principal Prénom et Nom Joséphine Delamarre
74%
Premier ange stagiaire (épisode 20) Prénom Gabriel
62%
Deuxième ange stagiaire (épisode 86) Prénom Gabriel
62%
Client Ancien délinquant qui fait du patin à glace Gabriel
62%
Saison 1 Année 1997
47%
Saison 2 Année 1998
46%
Client Après un entraînement d'apnée il tombe dans le coma Antoine Bailly
46%
Client Agriculteur bio en guerre contre son voisin Antoine Blondel
46%
Saison 3 Année 1999
42%
Saison 5 Année 2001
42%
Saison 4 Année 2000
41%
Client Vainqueur de la loterie Antoine
41%
Client Au cœur d'un débat sur ses années de résistance Antoine Duroc
41%
Cliente Fait tout pour rester dans l'armée malgré les tentatives de son supérieur pour la faire partir Camille
40%
Cliente Photographe qui se retrouve au mariage de son ex Camille
40%
Cliente Médecin qui se bat contre une toxine présente dans une usine de textile Camille Monnin
40%
Saison 6 Année 2002
39%
Saison 8 Année 2004
39%
Saison 9 Année 2005
39%
Client Prêtre Camille Flaubert
39%
Saison 7 Année 2003
38%
Cliente Pensionnaire enceinte des années 60 Gabrielle Chamant
38%
Cliente Fille d'un homme atteint d’Alzheimer Anne Maleval
37%
Troisième ange stagiaire (épisode 90 et 95) Prénom Ismaël
37%
Cliente Son mari la trompe et lui ment pour la garder Julie
37%
4. Titre Tous au zoo
36%
6. Titre Yasmina
36%
Cliente Fille qui ment sur ses origines pour entrer dans une multinationale de cosmétiques Yasmina
36%
Cliente Mère d'une fille qui a disparu sur un bateau Marie Lozac'h
35%
2. Titre Les Boloss
34%
4. Titre Une prof
34%
1. Titre Le secret de Gabrielle
32%
Cliente Cheval Princesse
32%
Client Aveugle sur le fait que tout le monde critique sa fiancée à cause de sa couleur de peau Thomas
32%
Client Chippendale qui cache son métier Thomas Lambert
32%
1. Titre Belle mère, belle fille
31%
Cliente Nouvelle prof de français dans un collège Fanny
31%
Cliente Collégienne en échec scolaire à cause d'harcèlement Jeanne Lambert
31%
6. Titre Joséphine fait de la résistance
31%
Client Trapéziste devenue depuis peu directeur du cirque de son père Jules
31%
Client Passionné de parkour, responsable de ses frères et sœurs Jules
31%
1. Titre Le Cirque Borelli
31%
2. Titre Liouba
31%
4. Titre Nadia
31%
Cliente Jeune fille sous l'emprise d'un couple qui l'utilise comme esclave Nadia
31%
1. Titre Un frère pour Ben
31%
Client Vient de reprendre la ferme de son père François
30%
Client Ancien alcoolique qui vient de replonger François
30%
Client A quitté sa femme pour une plus jeune François
30%
Client Change de dimension pour se rendre compte de ce qu'il a François Spontini
30%
Client Il a perdu son travail et passe son temps à mentir à sa famille Frédéric Duval
30%
Client N'est pas fait pour les études mais son père ne veut pas l'entendre Julien
30%
Cliente Enfant qui fait du patinage artistique Alice
29%
Cliente Prof de danse qui devient belle-mère Alice Vignault
29%
Cliente Mère porteuse qui change finalement d'avis Anna Dialossuva
29%
3. Titre Dans la tête d'Antoine
29%
5. Titre Les Anges
29%
5. Titre Les Majorettes
29%
Cliente S'est enfuie du contrôle de son père Romane
29%
3. Titre Suivez le guide
29%
8. Titre Tango
29%
Cliente Femme de chambre soupçonnée de meurtre Garance Martin
28%
1. Titre La Couleur de l'amour
28%
1. Titre Le Miroir aux enfants
28%
Client Pompier qui vient de recevoir une lettre disant que sa fille n'est pas de lui Michel Vercan
28%
2. Titre Papa est un chippendale
28%
3. Titre Paris-Broadway
28%
Cliente Veuve du Far West qui prend la direction d'un saloon Rose Clifton
28%
13. Titre Tout pour la musique
28%
5. Titre Un monde de douceur
28%
Client A perdu le goût de la vraie cuisine Alain Rougier
27%
Cliente Elle a perdu son frère et veut retourner chez ses parents Emma
27%
Cliente Fille au milieu d'une querelle de grands-mères Emma
27%
Client Laveur de voiture qui doit renouer avec sa femme Marc
27%
4. Titre Pour l'amour d'un ange
27%
1. Titre Romain et Jamila
27%
5. Titre Tes qi toi ?
27%
12. Titre Un bébé tombé du ciel
27%
11. Titre Chasse aux fantômes
26%
Client Vient d'apprendre qu'il a été adopté Clément
26%
3. Titre Le Secret de Julien
26%
1. Titre Le sourire de la momie
26%
Archange qui inspecte Joséphine (épisode 41) Prénom Mathias
26%
Cliente Styliste harcelée par son supérieur Pauline
26%
3. Titre Pour la vie
26%
2. Titre Profession menteur
26%
4. Titre Sauver Princesse
26%
1. Titre Ticket gagnant
26%
Client Propriétaire du Camping Paradis Tom Delorme
26%
3. Titre Un pour tous
26%
2. Titre Au feu la famille !
25%
4. Titre Carpe Diem
25%
2. Titre De toute urgence !
25%
7. Titre Double foyer
25%
Cliente Épouse un français contre l'avis de son père Jamila
25%
Cliente Vit entièrement pour son instrument et son art et perd les vraies valeurs de la vie Juliette
25%
1. Titre La femme aux gardénias
25%
4. Titre Les Braves
25%
Cliente Égyptologue qui s'occupe d'une momie qui se dégrade un peu trop vite Louise
25%
10. Titre Marie-Antoinette
25%
Cliente N'arrive pas à avoir d'enfant à cause d'un mensonge de famille Nina
25%
Cliente du passé A pour projet de devenir architecte Nina
25%
3. Titre Police blues
25%
Cliente Sportive qui se retrouve animatrice dans un club d'été Sophie
25%
3. Titre Trois anges valent mieux qu’un !
25%
2. Titre Disparition au lycée
24%
Cliente SDF qui n'a plus de contacte avec sa famille Geneviève Beaumont
24%
3. Titre La Plus Haute Marche
24%
Cliente Actrice qui a des problèmes avec sa fille Laura Calle
24%
Client Obsédé par une femme mariée Pascal
24%
6. Titre Sur les traces de Yen
24%
1. Titre Une famille pour Noël
24%
1. Titre Un petit coin de paradis
24%
Client Doit sauver son cabaret Alfrédo Paoli
23%
Cliente Fait de la gymnastique rythmique Aurélie
23%
Cliente Jeune cuisinière qui participe à un concours Chloé Dumay
23%
Cliente Mère célibataire qui devient propriétaire du zoo de son père Clara Lorenz
23%
2. Titre La Tête dans les étoiles
23%
Cliente Mère qui a un fils qui abandonne face à l'adversité Laure Simmonet
23%
1. Titre Le Festin d'Alain
23%
1. Titre L'Enfant oublié
23%
5. Titre Le secret des templiers
23%
2. Titre Le Tableau noir
23%
Cliente Voit le fantôme de son père mort il y a 10ans Rebecca
23%
6. Titre Restons zen
23%
4. Titre Trois campeurs et un mariage
23%
Cliente Nouvelle responsable de ses nièces Zoé
23%
3. Titre Belle à tout prix
22%
Cliente A l'origine d'une malédiction qui a atteint toute sa descendance Eléonore
22%
2. Titre En roue libre
22%
Client Tricheur professionnel de poker Fred
22%
Cliente Gérante d'hôtel au milieu d'un complot de sa fille pour la mettre en couple Isabelle
22%
5. Titre Je ne vous oublierai jamais
22%
Cliente Jeune lycéenne qui doit s'occuper de son bébé Jennifer
22%
6. Titre L'Ange des casernes
22%
3. Titre La parenthèse enchantée
22%
Sosie de Joséphine qui lui vient en aide (épisode 96) Prénom Ludivine
22%
4. Titre Noble cause
22%
Client Devenu amnésique et réapprend petit à petit ce qu'il faisait dans son ancienne vie Pierre Castignac
22%
5. Titre Remue-ménage
22%
Cliente Bonne sœur qui tombe amoureuse Séverine
22%
4. Titre Sur le cœur
22%
2. Titre Une mauvaise passe
22%
3. Titre Un Noël recomposé
22%
Cliente Va monter un nouveau spectacle de majorettes Catherine
21%
Cliente Mère débordée entre ses études, son travail et son bébé Charlotte
21%
Cliente Mère d'une fille atteinte de leucémie Charlotte Delmas
21%
Client Vient de découvrir qui est son père, sa mère vient d'être arrêtée Gaspard
21%
1. Titre Graines de chef
21%
2. Titre Le mystère des pierres qui chantent
21%
1. Titre Les perchés
21%
1. Titre L'esprit d'Halloween
21%
4. Titre Mon fils de la lune
21%
Cliente Ne décroche aucun rôle à cause de son stress Olympe
21%
2. Titre Paillettes, claquettes et champagne
21%
Cliente Ne veut plus voir son père car il est homosexuel Sandrine
21%
4. Titre Sens dessus dessous
21%
Client Rumeurs sur lui à cause du meurtre de son frère Simon
21%
Client Veut absolument voir le décollage d'une navette sa mère va créer une chorale pour l'aider Simon
21%
Cliente Ancienne chanteuse qui habite dans un immeuble qui veut être vider complètement Tania Fournier
21%
2. Titre Trouvez-moi le prince charmant !
21%
Cliente Se prostitue à cause des dettes de son mari Véronique
21%
Client Père qui veut réussir son adoption Victor
21%
Client Ex-arnaqueur qui veut renouer les liens avec sa fille Victor
21%
Client Benjamin d'une famille propriétaire d'un domaine qui ne veut pas vendre la bâtiment Axel
20%
2. Titre Enfants, mode d'emploi
20%
Client Enfants des rues qui va trouver une nouvelle famille et un nouveau frère Lazlo
20%
7. Titre Le Frère que je n'ai pas eu
20%
4. Titre Les deux font la paire
20%
9. Titre L'Homme invisible
20%
Cliente Dit non et s'enfuit de son mariage Sandra
20%
Cliente Mère qui vit sur son lieu de travail, illettrée Sandra Lafont
20%
4. Titre Une santé d'enfer
20%
3. Titre Un passé pour l'avenir
20%
Saison 10 Années 2006-2007
19%
Saison 11 Années 2007-2008
19%
Client Père d'une fille qui a disparu sur un bateau Bertrand Lozac'h
19%
Cliente Va sortir de prison et doit renouer avec sa famille Brigitte
19%
5. Titre Enfin libres !
19%
Cliente Devait passer son premier Noël seule après son divorce Florence
19%
5. Titre Haute couture
19%
2. Titre Le Compteur à zéro
19%
3. Titre Légendes d'Armor
19%
3. Titre Les patins de l’espoir
19%
Cliente Prof de tango qui ment à son fils sur son père Maria-Sol Jimenes
19%
Client Jeune doué en rugby avec un caractère compliqué Michaël
19%
Client Policier qui a un fils soupçonné d'un crime Nicolas Vannier
19%
Cliente Vient d'intégrer une grande agence de mannequins Noémie
19%
Sosie de Joséphine qui lui vient en aide (épisode 96) Prénom Rosine
19%
Client Professeur de français dans un lycée de banlieue Thierry
19%
2. Titre Tous en chœur
19%
Client Chanteur d'opéra qui est tombé amoureux de son ange Baltus
18%
Client Médecin en charge de toutes les urgences de son hôpital Bertrand
18%
Client En fauteuil roulant à cause d'un accident de la route Christophe Giovanni
18%
3. Titre Enfin des vacances !...
18%
8. Titre Ennemis jurés
18%
Client Photographe qui ment à ses parents propriétaires d'une usine de peluche Gilles
18%
3. Titre La Fautive
18%
2. Titre Le Combat de l'ange
18%
1. Titre Le Stagiaire
18%
2. Titre Ma petite-fille, ma bataille
18%
4. Titre S'aimer de toute urgence
18%
2. Titre 1998-2018, Retour vers le futur
17%
Cliente Membre d'une secte, abandonne ses enfants à cause de ça Armelle Langlois
17%
Client Atteint d'une maladie qui lui donne envie de boire constamment Bastien
17%
Cliente Influenceuse, fille de la proprio de la colonie Chanelle
17%
4. Titre Coupée du monde
17%
4. Titre De père en fille
17%
Cliente Mère qui veut réussir son adoption, qui se questionne sur ses origines Émilie
17%
Cliente Disparue, membre d'un groupe d'athlètes Flavie Lavoie
17%
Client Lycéen qui accumule les échecs après la mort de sa mère Jérôme Brunet
17%
4. Titre La Comédie du bonheur
17%
1. Titre La Part du doute
17%
Cliente Adolescente adoptée dyslexique Mélanie Chamanier
17%
Client Père de trois enfants délaissé dans son écurie Rémy Bouvet
17%
1. Titre Robe noire pour un ange
17%
3. Titre Une nouvelle vie
17%
Client Doit apprendre à vaincre sa grande timidité Yann
17%
Saison 13 Années 2011-2012
16%
Saison 14 Années 2013-2014
16%
Saison 15 Années 2014-2015
16%
Saison 16 Années 2015-2016
16%
Saison 17 Années 2016-2017
16%
Saison 18 Années 2017-2018
16%
Saison 19 Années 2018-2019
16%
Cliente Veut connaître ses origines, a des ancêtres esclaves Clémence
16%
3. Titre Des Cultures différentes
16%
1. Titre La Vérité en face
16%
4. Titre L'incroyable destin de Rose Clifton
16%
Cliente Jeune présente à la colonie victime de rumeurs Louison
16%
Client Veut renouer avec ses enfants qui ne veulent plus le voir Stéphane Ferret
16%
Cliente Se sent menacée par un esprit Violette
16%
Saison 20 Années 2019-2021
15%
Saison 21 Années 2021-2023
15%
Cliente Créatrice qui développe un glaucome Cécilia Arranz
15%
Client Jeune présent à la colonie Léonard
15%
Client initial Disparu à cause des erreurs de son ange Maxime
15%
Saison 12 Années 2008-2011
14%
Cliente Architecte avec une fille trop écolo Virginie
14%
5. Titre A toute épreuve
12%
Cliente Mère de famille qui a un cancer du sein Charline
12%
Cliente Mère d'un fils qui vit avec le syndrome d'Asperger Suzanne
11%
Client Garçon qui doit subir une opération du cœur Boon-mee
10%
Client du passé Fils d'un grand architecte Stanislas
10%
Client Découvre que son père a eu une liaison qui a mené à son frère Vincent Delattre
10%
Aucun quiz correspondant
Distribution des résultats
% des personnes avec chaque résultat
Percentile par nombre de réponses
Votre historique - résultats
Vous n’avez pas pris ce quiz